Nutrition and an active life: from knowledge to action (Record no. 32224)

MARC details
000 -LEADER
fixed length control field 00772nam a2200193 a 4500
008 - FIXED-LENGTH DATA ELEMENTS--GENERAL INFORMATION
fixed length control field 120918s2005 ||||||||||||||||| || u
020 ## - INTERNATIONAL STANDARD BOOK NUMBER
International Standard Book Number 92-75-11612-1
050 ## - LIBRARY OF CONGRESS CALL NUMBER
Classification number RA 784 NUT
100 ## - MAIN ENTRY--PERSONAL NAME
Personal name Freire, Wilma B
245 10 - TITLE STATEMENT
Title Nutrition and an active life: from knowledge to action
Statement of responsibility, etc. edited by Wilma B. Freire
260 ## - PUBLICATION, DISTRIBUTION, ETC.
Place of publication, distribution, etc. Washington, D. C.:
Name of publisher, distributor, etc. Pan American Health Organization
Date of publication, distribution, etc. 2005
300 ## - PHYSICAL DESCRIPTION
Extent xii, 247p.: ill.
500 ## - GENERAL NOTE
General note Orange Trunk Library Collection (WHO).
650 #0 - SUBJECT ADDED ENTRY--TOPICAL TERM
Topical term or geographic name entry element NUTRITION
650 ## - SUBJECT ADDED ENTRY--TOPICAL TERM
Topical term or geographic name entry element NUTRITION PROGRAMMES
650 ## - SUBJECT ADDED ENTRY--TOPICAL TERM
Topical term or geographic name entry element ENERGY METABOLISM
650 ## - SUBJECT ADDED ENTRY--TOPICAL TERM
Topical term or geographic name entry element EXERCISE
995 ## -
-- MEDICAL LIBRARY OPEN ACCESS
-- 901861
-- CBU-SCHOOL OF MEDICINE LIBRARY (Ndola)
-- OTL RA 784 NUT (BOX 4)
-- 1
-- AVAILABLE
-- Oct 22, 2012
-- 901861
-- Medical Library Open Access Collection
999 ## -
-- 32224
-- 32224
Holdings
Withdrawn status Lost status Source of classification or shelving scheme Damaged status Not for loan Permanent Location Current Location Shelving location Date acquired Total Checkouts Full call number Barcode Date last seen Price effective from Koha item type
          CBU-SCHOOL OF MEDICINE LIBRARY, NDOLA. CBU-SCHOOL OF MEDICINE LIBRARY, NDOLA.   11/30/2022   RA 784 NUT 901861 11/30/2022 11/30/2022 MONOGRAPH